00605nam a2200205Ia 4500003000900000008004100009040001300050040001300063041000800076100001700084245001300101250000900114260003000123260000900153300001000162490000600172942000700178999001700185952019700202IT-RoPAU120407s9999 xx 000 0 und d aIT-RoPAU cIT-RoPAU aita aLuigi Orione aLettere. aRoma aOpera Divina Provvidenza  c1969 c15 cm v2 cBK c13885d13885 00102ddc406922_00000000000000071aPAULUSbPAULUSd2012-04-11l0o922.0r2012-04-11 00:00:00w2012-04-11yBKzInserito da: Marisa In data: 04 ottobre 2011 fondo: Via A.Severo 56 Progr:24445